000
00208nam a22000857a 4500
008
161209b xxu||||| |||| 00| 0 eng d
100
_9
1959
_a
CBSE
245
_a
Xam Idea Physics-XII
260
_a
New Delhi
_b
APPC
_c
2008
999
_c
4754
_d
4754